000 00939nam a2200241 i 4500
001 24233
003 ES-MaACL
005 20240304175147.0
007 t|
008 021216s1965 sp ||||1| spa d
080 _a634.63-2
100 1 _aAndrés Cantero, Faustino de.
_921596
245 1 0 _aEnfermedades y plagas del olivo /
_cpor Faustino de Andrés Cantero.
260 _a[Jaén :
_bs.n.,
_c1965] (
_fGráf. Nova)
300 _a296 p. (1 pleg.) :
_bil. col. ;
_c24 cm +
_e1 cartulina ;
_c16 x 13 cm.
586 _aPremio del Sindicato Nacional del Olivo, 1963
594 _aPrecede al tít.: Dirección General de Agricultura. Sección de Fitopatología y Plagas del Campo. Servicio de Defensa Sanitaria del Olivo.
650 4 _aOlivos-
_xPlagas y enfermedades.
_9156119
710 1 _aEspaña.
_bDirección General de Agricultura
_93699
852 4 _aES-MaACL
_jA-5983
852 4 _aES-MaACL
_jC-28018
999 _c24233
_d24233